000 00534nam a22001577a 4500
005 20120327131837.0
020 _c00.00
035 _a939079
037 _aDPL
_bENG
100 _aChaudhuri, Nirad C.
_944360
245 _aHinduism :
_bA religion to live /
_cby Nirad C. Chaudhuri
260 _aNew Delhi
_bB.I. Publications
_c1979
300 _axi, 340p.
_c20 cms.
942 _2ddc
_cEN
_h230
_mCHA
999 _c64427
_d64427